Central Library OPAC University of Rajshahi

Geographic perspectives on urban systems : (Record no. 46923)

MARC details
000 -LEADER
fixed length control field 00742nam a2200241 a 4500
001 - CONTROL NUMBER
control field 46923
003 - CONTROL NUMBER IDENTIFIER
rucl marc code BD-RjUL
005 - DATE AND TIME OF LATEST TRANSACTION
control field 20211209054230.0
008 - FIXED-LENGTH DATA ELEMENTS--GENERAL INFORMATION
fixed length control field 160806s1970 njua bs 001 0 eng
020 ## - INTERNATIONAL STANDARD BOOK NUMBER
International Standard Book Number : 0133513122
035 ## - SYSTEM CONTROL NUMBER
System control number (BD-RjUL)47042
040 ## - CATALOGING SOURCE
Original cataloging agency DLC
Transcribing agency DLC
Modifying agency DLC
-- BD-RjUL
Language of cataloging eng
041 ## - LANGUAGE CODE
Language code of text/sound track or separate title eng
082 00 - DEWEY DECIMAL CLASSIFICATION NUMBER
Classification number 307.76
Edition number 23
Author mark and year BEG 1970
100 1# - MAIN ENTRY--PERSONAL NAME
Personal name Berry, Brian J. L.
9 (RLIN) 132385
245 10 - TITLE STATEMENT
Title Geographic perspectives on urban systems :
Remainder of title with integrated readings /
Statement of responsibility, etc. Brian J. L. Berry and Frank E. Horton
260 ## - PUBLICATION, DISTRIBUTION, ETC. (IMPRINT)
Place of publication, distribution, etc. Englewood Cliffs, N.J.,
Name of publisher, distributor, etc. Prentice-Hall,
Date of publication, distribution, etc. 1970,
300 ## - PHYSICAL DESCRIPTION
Pagination xii, 564 p. :
Illustrations ill ;
Size 26 cm.
500 ## - GENERAL NOTE
General note index
650 #0 - SUBJECT ADDED ENTRY--TOPICAL TERM
Topical term or geographic name as entry element Cities and towns.
9 (RLIN) 142932
700 1# - ADDED ENTRY--PERSONAL NAME
Personal name Horton, Frank E.
942 ## - ADDED ENTRY ELEMENTS (KOHA)
Source of classification or shelving scheme Dewey Decimal Classification
Koha item type Books
Holdings
Lost status Source of classification or shelving scheme Damaged status Not for loan Collection code Permanent Location Current Location Shelving location Date acquired Source of acquisition Cost, normal purchase price Total Checkouts Full call number Date last seen Copy number Koha item type
  Dewey Decimal Classification     Non-fiction Central Library, University of Rajshahi Central Library, University of Rajshahi   06/05/1978 W. Heffer and Sons 5.60   307.76 BEG 1970 06/08/2016 C-2 Books
  Dewey Decimal Classification     Non-fiction Central Library, University of Rajshahi Central Library, University of Rajshahi   06/05/1978 W. Haffer and sosns 5.60   307.76 BEG 1970 12/12/2016 C-3 Books